Schaums outlines tensor calculus: 300 fully solved problems (Record no. 170784)

MARC details
000 -LEADER
fixed length control field 00654nam a2200217Ia 4500
003 - CONTROL NUMBER IDENTIFIER
control field OSt
005 - DATE AND TIME OF LATEST TRANSACTION
control field 20230616151054.0
008 - FIXED-LENGTH DATA ELEMENTS--GENERAL INFORMATION
fixed length control field 210423s2011 xx 000 0 und d
020 ## - INTERNATIONAL STANDARD BOOK NUMBER
International Standard Book Number 978-0-07-175603-7
040 ## - CATALOGING SOURCE
Transcribing agency AL
041 ## - LANGUAGE CODE
Language code of text/sound track or separate title eng
082 ## - DEWEY DECIMAL CLASSIFICATION NUMBER
Classification number 515.63
Edition number 23
Item number KAYT
100 ## - MAIN ENTRY--PERSONAL NAME
Personal name KAY (David C)
9 (RLIN) 97065
245 ## - TITLE STATEMENT
Title Schaums outlines tensor calculus: 300 fully solved problems
260 ## - PUBLICATION, DISTRIBUTION, ETC.
Place of publication, distribution, etc. New York
Name of publisher, distributor, etc. McGrawhill Education
Date of publication, distribution, etc. 2011
300 ## - PHYSICAL DESCRIPTION
Extent vi,228
Other physical details PB
365 ## - TRADE PRICE
Price amount 2099.41
Currency code USD
650 ## - SUBJECT ADDED ENTRY--TOPICAL TERM
Topical term or geographic name entry element Mathematical Analysis
9 (RLIN) 97066
906 ## - LOCAL DATA ELEMENT F, LDF (RLIN)
a 300 ; calculus ; calculus: ; fully ; outlines ; problems ; Schaums ; solved ; tensor
942 ## - ADDED ENTRY ELEMENTS (KOHA)
Source of classification or shelving scheme Dewey Decimal Classification
Koha item type Book
Holdings
Withdrawn status Lost status Damaged status Not for loan Collection code Home library Current library Date acquired Source of acquisition Cost, normal purchase price Total Checkouts Total Renewals Full call number Barcode Date last seen Date last checked out Price effective from Koha item type
        Physics St Aloysius PG Library St Aloysius PG Library 12/29/2020 Vidyarthi Books 2099.41 3 1 515.63 KAYT PG017286 08/06/2025 07/19/2025 04/26/2021 Book
        Physics St Aloysius PG Library St Aloysius PG Library 12/29/2020 Vidyarthi Books 2099.41 1   515.63 KAYT PG017287 11/27/2023 11/07/2023 04/26/2021 Book